Monografías jurídicas: El siglo XIX y las ciencias criminales (Registro nro. 119)

Detalles MARC
000 -Cabecera
Campo de control de longitud fija 00719aam a2200265 4500
005 - Fecha y hora de la última transacción
Campo de control 20260224154946.0
008 - Elementos de longitud fija--Información general
Campo de control de longitud fija 150721b1988 xxu||||| |||| 00| 0 spa d
020 ## - International Standard Book Number
Número Internacional Estándar del Libro (ISBN) 8482722751
041 ## - Idioma
Código de idioma Español
082 ## - Clasificación Decimal Dewey
Número de clasificación 364 M293m
100 ## - Entrada principal--Autor personal
Nombre personal Mantovani, Ferrando
9 (RLIN) 14798
245 ## - Título propiamente dicho
Título Monografías jurídicas: El siglo XIX y las ciencias criminales
260 ## - Pie de imprenta
Lugar de publicación, distribución, etc. Argentina
260 ## - Pie de imprenta
Nombre del editor, distribuidor, etc. Editorial Temis
260 ## - Pie de imprenta
Fecha de publicación, distribución, etc. 1988
300 ## - Descripción física
Extensión 69 páginas
490 ## - Serie
Título de la Serie Investigación Criminal
650 ## - Materia general
Temática (materia general) CRIMINOLOGÍA
650 ## - Materia general
Temática (materia general) TEORÍAS CRIMINOLÓGICAS
650 ## - Materia general
Temática (materia general) ESCUELA CLÁSICA
650 ## - Materia general
Temática (materia general) ESCUELA POSITIVA
650 ## - Materia general
Temática (materia general) SOCIALISMO PENAL
650 ## - Materia general
Temática (materia general) DEFENSA CONTRA LA CRIMINALIDAD
942 ## - Punto de acceso adicional KOHA
Tipo de ítem KOHA Libro
Fuente del sistema de clasificación o colocación Dewey Decimal Classification
Existencias
Signatura completa Código de barras Programa Académico Tipo de ítem
364 M293m 3234 Investigación Criminal Libro
364 M293m 3235 Investigación Criminal Libro